Setting up community health programmes: a practical manual for use in developing countries. -- 3rd ed. (Record no. 32694)

MARC details
000 -LEADER
fixed length control field 00842nam a2200181 a 4500
008 - FIXED-LENGTH DATA ELEMENTS--GENERAL INFORMATION
fixed length control field 120619s2007 ||||||||||||||||| || u
020 ## - INTERNATIONAL STANDARD BOOK NUMBER
International Standard Book Number 9781405086028
050 ## - LIBRARY OF CONGRESS CALL NUMBER
Classification number RA 427.2 Lan (BOX 110)
100 ## - MAIN ENTRY--PERSONAL NAME
Personal name Lankester, Ted
245 10 - TITLE STATEMENT
Title Setting up community health programmes: a practical manual for use in developing countries. -- 3rd ed.
Statement of responsibility, etc. by Ted Lankester
250 ## - EDITION STATEMENT
Edition statement 3rd ed.
260 ## - PUBLICATION, DISTRIBUTION, ETC.
Place of publication, distribution, etc. Oxford:
Name of publisher, distributor, etc. Macmillan Education
Date of publication, distribution, etc. 2007
300 ## - PHYSICAL DESCRIPTION
Extent xiv, 426p.: ill.
500 ## - GENERAL NOTE
General note Blue Trunk Library Collection (WHO).
650 ## - SUBJECT ADDED ENTRY--TOPICAL TERM
Topical term or geographic name entry element COMMUNITY HEALTH SERVICES--METHODS
650 ## - SUBJECT ADDED ENTRY--TOPICAL TERM
Topical term or geographic name entry element COMMUNITY HEALTH SERVICES--DEVELOPING COUNTRIES--HANDBOOKS, MANUALS, ETC
995 ## -
-- MEDICAL LIBRARY OPEN ACCESS
-- 743055
-- CBU-SCHOOL OF MEDICINE LIBRARY (Ndola)
-- BTL RA 427.2 Lan (BOX 110)
-- 1
-- AVAILABLE
-- Jul 31, 2012
-- 743055
-- Medical Library Open Access Collection
999 ## -
-- 32694
-- 32694
Holdings
Withdrawn status Lost status Source of classification or shelving scheme Damaged status Not for loan Permanent Location Current Location Shelving location Date acquired Total Checkouts Full call number Barcode Date last seen Price effective from Koha item type
          CBU-SCHOOL OF MEDICINE LIBRARY, NDOLA. CBU-SCHOOL OF MEDICINE LIBRARY, NDOLA.   11/30/2022   RA 427.2 Lan (BOX 110) 743055 11/30/2022 11/30/2022 MONOGRAPH